00851nam a2200217 a 450000100100000000500170001000800410002704000250006808200200009310000280011324500450014126000680018630000200025465000280027465000310030291000370033304900090037095201180037995201190049799900170061600003258620240412074256.0110719s1926 dr 000 p spa d aDO-SdBNPbspacBNPHU aRD861.42bM671r1 aMirabal, Antonio95851110aRapsodas antillanos. /cAntonio Mirabal. a[Ciudad Trujillo], República Dominicana :b[s. n.],c[1926?]. a115 p ;c22 cm. 0aPoesía dominicana966 0aLiteratura dominicana.967 aValidado. Control de calidad MFF aBNPD 001050718RVaPDbPDcHDd2011-07-19iLF1l0oRD861.42 M671rp32586-10r2020-06-25w2020-06-25y1ZNo se presta 00107-18PDaPDbPDcOId2011-07-19iLF1l0oRD861.42 M671rp32587-10r2020-06-25w2020-06-25yLFPDZNo se presta c32077d32077